期刊信息 |
| 索取号 |
F12/GGYZH
|
| 题名 |
改革与战略
|
| 作者 |
改革与战略杂志社
|
| 分册号 |
|
| 分册名 |
|
| 出版地 |
南宁
|
| 出版者 |
改革与战略杂志社
|
| 标准刊号 |
1002-736X
|
| 出版频率 |
双月刊
|
| 中图法分类 |
F12
|
| 主题词 |
经济 中国
|
| 电子资源 | |
| |
|
| 000 | 00637nas0 2200229 45 | |
| 001 | 0552754062 | |
| 005 | 20231130110224.79 | |
| 010 | @d15 | |
| 011 | @a1002-736X@dCNY23.00(2018) | |
| 091 | @aCN45-1006/C | |
| 092 | @b48-47 | |
| 100 | @a20051129d km y0chiy0120 ea | |
| 101 | 0 | @achi |
| 102 | @aCN@b450000 | |
| 200 | 1 | @a改革与战略@AGai Ge Yu Zhan Lue@f改革与战略杂志社@FGai Ge Yu Zhan Lue Za Zhi She |
| 210 | @a南宁@c改革与战略杂志社 | |
| 326 | @a双月刊@b2022年 | |
| 606 | 0 | @a经济@x中国 |
| 690 | @aF12@v4 | |
| 701 | 0 | @a改革与战略杂志社@AGai Ge Yu Zhan Lue Za Zhi She |
| 801 | 0 | @aCN@bPFT@c20080630 |
| 905 | @aTJWY@dF12@eGGYZH | |
| 改革与战略/改革与战略杂志社.-南宁:改革与战略杂志社 |
| 15 ISSN 1002-736X:CNY23.00(2018) |
| ● |
| 相关链接: |
|
|
|
|